Virágot nyit a puskacsö : versek /

Hlavní autor: Batta, György, 1943-
Další autoři: Weiner-Kráľ, Imro, 1901-1978
Jazyk: Maďarština
Vydáno: Bratislava : Slovenské vydavateľstvo krásnej literatúry, 1965
Vydání: 1. kiad.
Fyzický popis: 54 s. : il. ; 8°
Knihy
Uloženo v:
LEADER 00829nam a22002292a 4500
001 000954141
003 CZ BrMZK
005 20100317130223.0
007 ta
008 090709s1965 xo a er|||||||||||hun d
040 |a ABA001  |b cze  |d ABA001  |d BOA001 
100 1 |a Batta, György,  |d 1943-  |7 mzk2010565364  |4 aut 
245 1 0 |a Virágot nyit a puskacsö :  |b versek /  |c György Batta ; illusztr. Imro Weiner-Král' 
250 |a 1. kiad. 
260 |a Bratislava :  |b Slovenské vydavateľstvo krásnej literatúry,  |c 1965 
300 |a 54 s. :  |b il. ;  |c 8° 
500 |a Spoluvyd. Szépirodalmi Könyvkiadó, Budapest 
700 1 |a Weiner-Kráľ, Imro,  |d 1901-1978  |7 ola200206406  |4 ill 
910 |a BOA001  |b 1-0544.539 
990 |a BK 
991 |b 200907 
996 7 |b 2619461169  |c 1-0544.539  |l MZK  |r Sklad / do 1 hodiny  |n 0  |w 001086045  |u 000010  |a 1  |e BOA001  |j MZK50  |s A